| 000 | 00355nam a2200145Ia 4500 | ||
|---|---|---|---|
| 005 | 20250508055024.0 | ||
| 008 | 240331s9999 xx 000 0 und d | ||
| 082 |
_bMAH _a891 |
||
| 100 | _aMahendran, K | ||
| 245 | 0 | _aArimuga vila | |
| 260 |
_aTellippalai _bSivan Kalvi Nilayam _c1984 |
||
| 300 | _a123 p ., | ||
| 500 | _aShort Stories in Tamil | ||
| 942 | _cL | ||
| 999 |
_c4380 _d4380 |
||